Essais / (Record no. 80711)
[ view plain ]
| 000 -LEADER | |
|---|---|
| campo de control de longitud fija | 00719nam a2200205 i 4500 |
| 001 - NÚMERO DE CONTROL | |
| campo de control | 80711 |
| 003 - IDENTIFICADOR DE NÚMERO DE CONTROL | |
| campo de control | ES-MaACL |
| 005 - FECHA Y HORA DE LA ÚLTIMA TRANSACCIÓN | |
| campo de control | 20251108163136.0 |
| 007 - CAMPO FIJO DE DESCRIPCIÓN FÍSICA--INFORMACIÓN GENERAL | |
| campo de control de longitud fija | t| |
| 008 - DATOS DE LONGITUD FIJA--INFORMACIÓN GENERAL | |
| campo de control de longitud fija | 041029s1936 fr c |||| | fre d |
| 100 1# - ENTRADA PRINCIPAL--NOMBRE DE PERSONA | |
| Nombre de persona | Hostos, Eugenio María de, |
| Fechas asociadas al nombre | 1839-1903 |
| 9 (RLIN) | 64302 |
| 245 10 - MENCIÓN DEL TÍTULO | |
| Título | Essais / |
| Mención de responsabilidad, etc. | E.M. de Hostos ; traduit d l'espagnol par Max Daireaux ; préfaces de P. Henríquez Ureña et A.S. Pedreira. |
| 260 ## - PUBLICACIÓN, DISTRIBUCIÓN, ETC. | |
| Lugar de publicación, distribución, etc. | Paris : |
| Nombre del editor, distribuidor, etc. | [s.n., |
| Fecha de publicación, distribución, etc. | 1936] ( |
| Lugar de fabricación/manufactura | Mayenne : |
| Fabricante | Floch) |
| 300 ## - DESCRIPCIÓN FÍSICA | |
| Extensión | 282 p. : |
| Otras características físicas | retr. aut. ; |
| Dimensiones | 20 cm. |
| 700 1# - ENTRADA AGREGADA--NOMBRE PERSONAL | |
| Nombre de persona | Daireaux, Max. |
| 9 (RLIN) | 42460 |
| 700 ## - ENTRADA AGREGADA--NOMBRE PERSONAL | |
| Nombre de persona | Henríquez Ureña, Pedro, |
| Fechas asociadas al nombre | 1884-1946 |
| 9 (RLIN) | 176516 |
| 700 1# - ENTRADA AGREGADA--NOMBRE PERSONAL | |
| Nombre de persona | Pedreira, Antonio S. |
| 9 (RLIN) | 89899 |
| 852 ## - LOCALIZACIÓN | |
| Ubicación | ES-MaACL |
| Número de control de estantería | F-15302 |
| Estatus retirado | Estado de pérdida | Estado de daño | No para préstamo | Biblioteca de origen | Biblioteca actual | Ubicación en estantería | Fecha de adquisición | Fuente de adquisición | Total de préstamos | Signatura topográfica completa | Código de barras | Visto por última vez | Precio de reemplazo | Tipo de ítem Koha |
|---|---|---|---|---|---|---|---|---|---|---|---|---|---|---|
| Biblioteca del Ateneo de Madrid | Biblioteca del Ateneo de Madrid | Sala Pecera Planta 2 | 17/01/2008 | F-15302 | 1084385 | 23/02/2023 | 23/02/2023 | Libro impreso |
